ბათუმის შოთა რუსთაველის სახელმწიფო უნივერსიტეტის ბიბლიოთეკა

Theoretical Physics / (ბიბ.ჩანაწერი № 54349)

000 -LEADER
fixed length control field 00734nam a2200265Ia 4500
001 - CONTROL NUMBER
control field 21405
003 - CONTROL NUMBER IDENTIFIER
control field GE_BSU
005 - DATE AND TIME OF LATEST TRANSACTION
control field 20211110170653.0
008 - FIXED-LENGTH DATA ELEMENTS--GENERAL INFORMATION
fixed length control field 181216s ||||enk|||||||||||||| ||eng||
020 ## - INTERNATIONAL STANDARD BOOK NUMBER
International Standard Book Number 9780486652276
040 ## - CATALOGING SOURCE
Transcribing agency GE_BSU
080 ## - UNIVERSAL DECIMAL CLASSIFICATION NUMBER
Universal Decimal Classification number 530.1 J-79
100 ## - MAIN ENTRY--PERSONAL NAME
Personal name Joos, Georg
9 (RLIN) 12898
245 ## - TITLE STATEMENT
Title Theoretical Physics /
Statement of responsibility, etc. Georg Joos, Ira M. Freeman.
250 ## - EDITION STATEMENT
Edition statement Third Edition
264 ## - PRODUCTION, PUBLICATION, DISTRIBUTION, MANUFACTURE, AND COPYRIGHT NOTICE
Place of production, publication, distribution, manufacture New York :
Name of producer, publisher, distributor, manufacturer Dover Publications, INC,
Date of production, publication, distribution, manufacture, or copyright notice 1986.
300 ## - PHYSICAL DESCRIPTION
Extent 885 p. ;
Dimensions 22 cm.
500 ## - GENERAL NOTE
General note Bibl. p. : 868-873 ; Index. p. : 875-885
653 ## - INDEX TERM--UNCONTROLLED
keyword Theoretical Physics
653 ## - INDEX TERM--UNCONTROLLED
keyword Физика
653 ## - INDEX TERM--UNCONTROLLED
keyword ფიზიკა
700 ## - ADDED ENTRY--PERSONAL NAME
Personal name Freeman, Ira M.
Relator term Author
9 (RLIN) 12899
942 ## - ADDED ENTRY ELEMENTS (KOHA)
Koha item type წიგნი
Source of classification or shelving scheme
ეგზემპლარები
Withdrawn status Lost status Source of classification or shelving scheme Damaged status Not for loan Permanent Location Current Location Shelving location Date acquired Cost, normal purchase price Full call number Barcode Date last seen Copy number Price effective from Koha item type Public note
          ბათუმის შოთა რუსთაველის სახელმწიფო უნივერსიტეტის მთავარი ბიბლიოთეკა ბათუმის შოთა რუსთაველის სახელმწიფო უნივერსიტეტის მთავარი ბიბლიოთეკა წიგნსაცავი 2018-12-17 40.00 530.1 J-79 55369 2018-12-17 55369 2018-12-17 წიგნი 40.00 GEL.